000 00316 a2200157 4500
001 56397
020 _a852625622x
040 _cAnchieta - Pituba
100 _aAlencar, José de
240 1 0 _aIracema
_lpor
245 1 0 _aIracema
300 _a74
362 0 _a2004
650 4 _aFicção brasileira
942 _cBK
999 _c56397
_d56397